=LDR 00000nam 2200000 4500 =001 INLIS000000000046518 =005 20150331154147.0 =006 =007 =008 =035 ##$$0010-031500000000290 =082 ##$$a 3983598 =090 ##$$a 3983598 $b don d =100 ##$$a tim kreatif hifest $t dongeng nusantara 33 provinsi =245 ##$$a dongeng nusantara 33 provinsi =260 ##$$a jakarta $b hi-fest $c 2011 =300 ##$$a 112 hlm $b illus $c 28 cm =850 ##$$a NPBMAT =990 ##$$a 0001/BPAP-NTB/20142015 =990 ##$$a 0001/BPAP-NTB/2016 =990 ##$$a 21101245 =990 ##$$a 0001/BPAP-NTB/20142015